[Event "Porto Alegre Oncosinos op"]
[Site "Porto Alegre"]
[Date "2015.09.04"]
[Round "1"]
[White "Boabaid, Jorge Alberto Duard"]
[Black "Rahal, Israel"]
[Result "1-0"]
[WhiteElo "1904"]
[BlackElo "1800"]
[PlyCount "119"]
[EventDate "2015.09.04"]
[EventType "swiss"]
[EventRounds "7"]
[EventCountry "BRA"]
[SourceTitle "EXT 2016"]
[Source "ChessBase"]
[SourceDate "2015.10.08"]
[SourceVersion "1"]
[SourceVersionDate "2015.10.08"]
[SourceQuality "1"]

1. e4 e6 2. d3 d5 3. Nd2 dxe4 4. dxe4 e5 5. Bc4 Nf6 6. Ngf3 Nc6 7. 0-0 Be7 8. c3 0-0 9. Qe2 Bg4 10. Re1 Bh5 11. Nf1 h6 12. Ng3 Bg6 13. Nh4 Kh7 14. Nhf5 Bc5 15. h3 a6 16. Be3 Bxe3 17. Qxe3 b5 18. Rad1 Qc8 19. Bb3 Qb7 20. Qf3 Rad8 21. Bd5 Qb6 22. b4 Rd7 23. Ne3 Rfd8 24. Ngf5 Na7 25. Ng4 Nxg4 26. hxg4 Qf6 27. Bb3 Nc8 28. Rxd7 Rxd7 29. Rd1 Bxf5 30. Qxf5+ Qxf5 31. gxf5 Nd6 32. Rd5 Re7 33. f3 h5 34. a4 f6 35. Rc5 Nb7 36. Rc6 bxa4 37. Bxa4 a5 38. b5 Rd7 39. Kf1 Kh6 40. Ke2 Kg5 41. g3 h4 42. gxh4+ Kxh4 43. Bb3 Nd6 44. Be6 Re7 45. b6 a4 46. bxc7 a3 47. c8Q Nxc8 48. Rxc8 Ra7 49. Ba2 Rb7 50. Kd3 Rb2 51. Bd5 Rf2 52. Ra8 Rxf3+ 53. Kc4 Kg5 54. Rxa3 g6 55. fxg6 Kxg6 56. Be6 Kg5 57. Kb4 Rd3 58. c4 Rd4 59. Bf5 Kf4 60. Kb5 1-0